Teoría de la probabilidad / (Record no. 93037)

MARC details
000 -LEADER
campo de control de longitud fija 00603nam a2200205 i 4500
001 - NÚMERO DE CONTROL
campo de control 93037
003 - IDENTIFICADOR DE NÚMERO DE CONTROL
campo de control ES-MaACL
005 - FECHA Y HORA DE LA ÚLTIMA TRANSACCIÓN
campo de control 20230906181119.0
007 - CAMPO FIJO DE DESCRIPCIÓN FÍSICA--INFORMACIÓN GENERAL
campo de control de longitud fija t|
008 - DATOS DE LONGITUD FIJA--INFORMACIÓN GENERAL
campo de control de longitud fija 050407s1976 sp ||||1| spa d
100 1# - ENTRADA PRINCIPAL--NOMBRE DE PERSONA
Nombre de persona Loeve, Michel.
9 (RLIN) 73104
245 10 - MENCIÓN DEL TÍTULO
Título Teoría de la probabilidad /
Mención de responsabilidad, etc. Michel Loeve; [traducción por Angel Butron Ruiz].
260 ## - PUBLICACIÓN, DISTRIBUCIÓN, ETC.
Lugar de publicación, distribución, etc. Madrid :
Nombre del editor, distribuidor, etc. Tecnos,
Fecha de publicación, distribución, etc. 1976.
300 ## - DESCRIPCIÓN FÍSICA
Extensión 641 p. ;
Dimensiones 24 cm.
490 1# - MENCIÓN DE SERIE
Mención de serie Serie de matemática
700 1# - ENTRADA AGREGADA--NOMBRE PERSONAL
Nombre de persona Butron Ruiz, Angel.
9 (RLIN) 32956
830 0# - PUNTO DE ACCESO ADICIONAL DE SERIE-TÍTULO UNIFORME
Título uniforme Serie de matemática
9 (RLIN) 182873
852 ## - LOCALIZACIÓN
Ubicación ES-MaACL
Número de control de estantería A-6683
Sublocalización o colección R.95257
Holdings
Estatus retirado Estado de pérdida Estado de daño No para préstamo Biblioteca de origen Biblioteca actual Ubicación en estantería Fecha de adquisición Fuente de adquisición Total de préstamos Signatura topográfica completa Código de barras Visto por última vez Precio de reemplazo Tipo de ítem Koha
        Biblioteca del Ateneo de Madrid Biblioteca del Ateneo de Madrid Sala Pecera Planta 1 17/01/2008     A-6683 1097120 23/02/2023 23/02/2023 Libro impreso